[Event "6. Torneo Aficionados Bali - Sub-2000"]
[Site "Benidorm ESP"]
[Date "2007.12.08"]
[Round "9.11"]
[White "Vazquez Rodriguez, Jorge"]
[Black "Gutierrez Leon, Cristobal"]
[Result "1-0"]
[WhiteElo "1904"]
[BlackElo "1963"]
[PlyCount "47"]
[EventDate "2007.11.30"]
[EventType "swiss"]
[EventRounds "9"]
[EventCountry "ESP"]
[Source "lmi"]
[SourceDate "2007.11.30"]

1. e4 e6 2. Nc3 b6 3. d4 Bb7 4. Be3 Bb4 5. Bd3 Nf6 6. f3 d5 7. e5 Nfd7 8. a3
Be7 9. f4 c5 10. f5 g6 11. fxe6 fxe6 12. Qg4 cxd4 13. Bxg6+ hxg6 14. Qxg6+ Kf8
15. Bh6+ Rxh6 16. Qxh6+ Kg8 17. Qxe6+ Kg7 18. Nxd5 Bg5 19. Nf3 Nf8 20. Qg4 Bxd5
21. Nxg5 Ng6 22. O-O Nd7 23. Rae1 Kh6 24. Qh3+ 1-0

[Event "6. Torneo Aficionados Bali - Sub-2000"]
[Site "Benidorm ESP"]
[Date "2007.12.08"]
[Round "9.14"]
[White "Marcos Herrero, Francisco"]
[Black "Gil Quilez, Sonia"]
[Result "0-1"]
[WhiteElo "1940"]
[BlackElo "1993"]
[PlyCount "46"]
[EventDate "2007.11.30"]
[EventType "swiss"]
[EventRounds "9"]
[EventCountry "ESP"]
[Source "lmi"]
[SourceDate "2007.11.30"]

1. e4 c6 2. d3 d5 3. Nd2 e5 4. Ngf3 Bd6 5. g3 Ne7 6. Bg2 O-O 7. O-O Bg4 8. h3
Bh5 9. g4 Bg6 10. Nh4 Bc7 11. Qe2 Qd6 12. Nf5 Bxf5 13. gxf5 g6 14. Qg4 Kh8 15.
Nf3 gxf5 16. exf5 e4 17. dxe4 Rg8 18. Qh4 dxe4 19. Qxe4 Nd7 20. b3 Qf6 21. Rb1
Qxf5 22. Bb2+ f6 23. Qxe7 Qxf3 0-1

[Event "6. Torneo Aficionados Bali - Sub-2000"]
[Site "Benidorm ESP"]
[Date "2007.12.08"]
[Round "9.15"]
[White "Redondo Varela, Celestino"]
[Black "Buscaglia, Claudio"]
[Result "0-1"]
[WhiteElo "1903"]
[BlackElo "1991"]
[PlyCount "63"]
[EventDate "2007.11.30"]
[EventType "swiss"]
[EventRounds "9"]
[EventCountry "ESP"]
[Source "lmi"]
[SourceDate "2007.11.30"]

1. e4 e5 2. Nf3 Nc6 3. Bb5 a6 4. Ba4 b5 5. Bb3 Nf6 6. d3 h6 7. c3 Be7 8. O-O d6
9. Re1 Na5 10. Bc2 c5 11. h3 O-O 12. d4 Nc6 13. d5 Nb8 14. Nbd2 Nh7 15. Nf1 f5
16. exf5 Bxf5 17. Ng3 Bxc2 18. Qxc2 Nd7 19. Nf5 Nb6 20. Rd1 Ra7 21. g4 Kh8 22.
Kg2 Bf6 23. h4 Raf7 24. Be3 Be7 25. h5 Qa8 26. Nxe7 Rxe7 27. Nh4 Nxd5 28. Ng6+
Kg8 29. Nxe7+ Nxe7+ 30. Kg3 Qf3+ 31. Kh4 Nd5 32. Rh1 0-1

[Event "6. Torneo Aficionados Bali - Sub-2000"]
[Site "Benidorm ESP"]
[Date "2007.12.08"]
[Round "9.19"]
[White "Esquerdo Nogueroles, Gaspar"]
[Black "Jordan Martinez, Miguel"]
[Result "0-1"]
[WhiteElo "1962"]
[BlackElo "1941"]
[PlyCount "54"]
[EventDate "2007.11.30"]
[EventType "swiss"]
[EventRounds "9"]
[EventCountry "ESP"]
[Source "lmi"]
[SourceDate "2007.11.30"]

1. e4 e6 2. d4 d5 3. Bd3 Nf6 4. Nc3 dxe4 5. Nxe4 Nbd7 6. Nf3 Be7 7. h3 Nxe4 8.
Bxe4 Nf6 9. Bd3 O-O 10. O-O b6 11. Be3 Bb7 12. c4 c5 13. Be2 Qc7 14. Qb3 Rad8
15. Rad1 Qc6 16. Rfe1 cxd4 17. Bxd4 Nd7 18. Bf1 Bf6 19. Qc3 Bxd4 20. Nxd4 Qc5
21. b4 Qg5 22. Re3 Nf6 23. Rde1 Qg6 24. a4 Ne4 25. Qb2 Nxf2 26. Qxf2 Rxd4 27.
Rxe6 fxe6 0-1

[Event "6. Torneo Aficionados Bali - Sub-2000"]
[Site "Benidorm ESP"]
[Date "2007.12.08"]
[Round "9.24"]
[White "Sanz Menendez, Juan Carlos"]
[Black "Vazquez Abad, Juan C"]
[Result "0-1"]
[WhiteElo "1999"]
[BlackElo "1863"]
[PlyCount "62"]
[EventDate "2007.11.30"]
[EventType "swiss"]
[EventRounds "9"]
[EventCountry "ESP"]
[Source "lmi"]
[SourceDate "2007.11.30"]

1. Nc3 c5 2. e4 d6 3. Nf3 Nf6 4. d4 cxd4 5. Nxd4 a6 6. Bg5 e6 7. f4 Be7 8. Qf3
Qc7 9. O-O-O Nbd7 10. g4 b5 11. Bxf6 Nxf6 12. g5 Nd7 13. f5 Nc5 14. f6 gxf6 15.
gxf6 Bf8 16. Rg1 b4 17. Nd5 exd5 18. exd5 Nd7 19. Re1+ Ne5 20. Qh5 Kd8 21. Rg7
Bd7 22. Ne6+ fxe6 23. dxe6 Bxg7 24. fxg7 Rg8 25. e7+ Kc8 26. Rxe5 dxe5 27. Bg2
Qc5 28. Bxa8 Qg1+ 29. Kd2 Qf2+ 30. Kd1 Qd4+ 31. Kc1 Qf4+ 0-1

[Event "6. Torneo Aficionados Bali - Sub-2000"]
[Site "Benidorm ESP"]
[Date "2007.12.08"]
[Round "9.26"]
[White "Perez Garcia, Jose Miguel"]
[Black "Rasskin Friederichs, Ivan"]
[Result "1-0"]
[WhiteElo "1977"]
[BlackElo "1781"]
[PlyCount "63"]
[EventDate "2007.11.30"]
[EventType "swiss"]
[EventRounds "9"]
[EventCountry "ESP"]
[Source "lmi"]
[SourceDate "2007.11.30"]

1. d4 Nf6 2. Nf3 g6 3. c4 Bg7 4. Nc3 O-O 5. e4 d6 6. Be2 e5 7. d5 a5 8. Bg5 h6
9. Bh4 Na6 10. Nd2 g5 11. Bg3 Nc5 12. O-O c6 13. Rb1 Ne8 14. f3 f5 15. exf5
Bxf5 16. Nde4 Nc7 17. Bf2 cxd5 18. cxd5 N5a6 19. Rc1 h5 20. Bb6 Qe7 21. Bxa5
Bh6 22. Rc2 g4 23. fxg4 Be3+ 24. Kh1 hxg4 25. Bxc7 Nxc7 26. Bxg4 Bxe4 27. Nxe4
Rxf1+ 28. Qxf1 Rxa2 29. g3 Bd4 30. Qf5 Ra1+ 31. Kg2 Nxd5 32. Qg6+ 1-0

[Event "6. Torneo Aficionados Bali - Sub-2000"]
[Site "Benidorm ESP"]
[Date "2007.12.08"]
[Round "9.30"]
[White "Garcia Perez, Ramon"]
[Black "Lopez Gallego, Miguel Angel"]
[Result "1-0"]
[WhiteElo "1865"]
[BlackElo "1955"]
[PlyCount "70"]
[EventDate "2007.11.30"]
[EventType "swiss"]
[EventRounds "9"]
[EventCountry "ESP"]
[Source "lmi"]
[SourceDate "2007.11.30"]

1. e4 e5 2. Bc4 Nf6 3. d3 Bc5 4. Nf3 Nc6 5. c3 d6 6. Bb3 Bg4 7. Nbd2 Qe7 8. Nf1
O-O-O 9. Bc2 d5 10. Qe2 dxe4 11. dxe4 h6 12. Ne3 g6 13. O-O h5 14. b4 Bb6 15.
a4 Bxf3 16. Qxf3 Bxe3 17. Bxe3 Ng4 18. Bc5 Qh4 19. h3 b6 20. Qe2 Nb8 21. Be3
Nxe3 22. fxe3 Qe7 23. Bb3 f6 24. a5 Rd6 25. axb6 cxb6 26. Bd5 Kd8 27. c4 Rd7
28. c5 bxc5 29. bxc5 Ke8 30. Rab1 Rd8 31. Rfc1 Nd7 32. Rb7 Rb8 33. Rxa7 Qd8 34.
c6 Qb6 35. cxd7+ Ke7 1-0

[Event "6. Torneo Aficionados Bali - Sub-2000"]
[Site "Benidorm ESP"]
[Date "2007.12.08"]
[Round "9.31"]
[White "Alandete German, Lluis"]
[Black "Cuadrado Lopez, Francisco Javie"]
[Result "1-0"]
[WhiteElo "1812"]
[BlackElo "1952"]
[PlyCount "59"]
[EventDate "2007.11.30"]
[EventType "swiss"]
[EventRounds "9"]
[EventCountry "ESP"]
[Source "lmi"]
[SourceDate "2007.11.30"]

1. e4 e5 2. Nf3 d6 3. d4 exd4 4. Qxd4 Nf6 5. Bg5 Be7 6. Nc3 O-O 7. O-O-O Nc6 8.
Qd2 Bg4 9. h3 Be6 10. Be2 h6 11. Be3 Ne5 12. g4 Nxf3 13. Bxf3 Nh7 14. Be2 c6
15. f4 Qa5 16. Kb1 Bf6 17. Bd4 Bxd4 18. Qxd4 Rad8 19. f5 Bc8 20. g5 hxg5 21. h4
g4 22. Rdg1 Nf6 23. h5 Qe5 24. Qd2 Nxe4 25. Nxe4 Qxe4 26. Bd3 Qd4 27. h6 Bxf5
28. hxg7 Kxg7 29. Qh6+ Kg8 30. Bxf5 1-0

[Event "6. Torneo Aficionados Bali - Sub-2000"]
[Site "Benidorm ESP"]
[Date "2007.12.08"]
[Round "9.38"]
[White "Palacios Pena, Gerardo"]
[Black "Berenguer Martinez, Cruz Manuel"]
[Result "1-0"]
[WhiteElo "1998"]
[BlackElo "1927"]
[PlyCount "41"]
[EventDate "2007.11.30"]
[EventType "swiss"]
[EventRounds "9"]
[EventCountry "ESP"]
[Source "lmi"]
[SourceDate "2007.11.30"]

1. d4 Nf6 2. Nf3 g6 3. Bf4 Bg7 4. c3 O-O 5. Nfd2 d6 6. e3 Nbd7 7. Bc4 Nb6 8.
Bb3 Bd7 9. h3 Rc8 10. O-O c5 11. Re1 Na8 12. a4 a5 13. Bg5 b6 14. e4 cxd4 15.
cxd4 Nc7 16. Nc4 Na6 17. e5 dxe5 18. dxe5 Ne8 19. Nd6 Rb8 20. Nxf7 Rxf7 21. e6
1-0

[Event "6. Torneo Aficionados Bali - Sub-2000"]
[Site "Benidorm ESP"]
[Date "2007.12.08"]
[Round "9.43"]
[White "Gomez, Augustin R"]
[Black "Vasques, Jose Mesquita"]
[Result "1-0"]
[WhiteElo "1988"]
[BlackElo "1907"]
[PlyCount "73"]
[EventDate "2007.11.30"]
[EventType "swiss"]
[EventRounds "9"]
[EventCountry "ESP"]
[Source "lmi"]
[SourceDate "2007.11.30"]

1. f4 Nf6 2. Nf3 d6 3. e3 Nc6 4. b3 e5 5. fxe5 dxe5 6. Bb2 Bd6 7. Bb5 e4 8. Ne5
O-O 9. Nxc6 bxc6 10. Be2 Re8 11. O-O Be5 12. Bxe5 Rxe5 13. Nc3 Be6 14. Rf4 Nd5
15. Nxd5 cxd5 16. Qf1 Qd7 17. Rd1 Rf5 18. d4 Rb8 19. Rxf5 Bxf5 20. c4 dxc4 21.
Bxc4 Rb6 22. Qf4 Rf6 23. Qe5 Bg6 24. Bb5 Qc8 25. Rc1 h6 26. Qxc7 Qg4 27. Qc8+
Qxc8 28. Rxc8+ Kh7 29. Rc7 a6 30. Bc4 Bh5 31. Ra7 Bd1 32. Rxa6 Rf5 33. Ra7 f6
34. Rc7 Rg5 35. Rc5 f5 36. a4 h5 37. a5 1-0

[Event "6. Torneo Aficionados Bali - Sub-2000"]
[Site "Benidorm ESP"]
[Date "2007.12.08"]
[Round "9.51"]
[White "Maza Broto, Pablo"]
[Black "Armelles Ferrer, Miguel"]
[Result "0-1"]
[WhiteElo "1958"]
[BlackElo "1809"]
[PlyCount "52"]
[EventDate "2007.11.30"]
[EventType "swiss"]
[EventRounds "9"]
[EventCountry "ESP"]
[Source "lmi"]
[SourceDate "2007.11.30"]

1. e4 c5 2. Nf3 e6 3. d4 cxd4 4. Nxd4 Nf6 5. Bd3 a6 6. c4 Qc7 7. Nc3 Bc5 8. Nc2
Nc6 9. O-O Ne5 10. Be2 O-O 11. Kh1 Ng6 12. f4 Ba7 13. Bd3 d6 14. Qe2 Bd7 15. f5
Ne5 16. Bg5 Nfg4 17. Ne3 exf5 18. Ncd5 Qc5 19. exf5 Nxd3 20. Nxg4 Qxc4 21.
Ngf6+ Kh8 22. Qf3 Qd4 23. Nxd7 Rfe8 24. N7f6 Re5 25. Qh3 gxf6 26. Bxf6+ Kg8 0-1